000 00456nam a2200217Ia 4500
001 084362
003 YMCAF
005 20230512161447.0
008 100717s2002 ||||||||||||||||| ||und|d
024 _a84362
035 _a23822
040 _aYMCAF
_beng
_cIN-KoLT
041 _aeng
082 _a621.381
_bGRO
100 _aGrob, Bernard
245 0 _aBasic electronics
250 _a8th
260 _bTMH
_c2002
300 _a1010
942 _2ddc
_cBK
999 _c8750
_d8750